Ťažiskové otázky ďalšieho rozvoja sústavy ekonomických študijných odborov

Gespeichert in:
Bibliographische Detailangaben
1. Verfasser: Hontyová, Kajetána
Format: Buchkapitel
Sprache:Slowakisch
Tags: Tag hinzufügen
Keine Tags, Fügen Sie das erste Tag hinzu!

MARC

LEADER 00000naa$a2200000$$$4500
001 0112638
005 20221207122140.6
041 0 |a slo 
044 |a SK 
245 1 0 |a Ťažiskové otázky ďalšieho rozvoja sústavy ekonomických študijných odborov  |c Kajetana Hontyová 
100 1 |a Hontyová, Kajetána